000 00567pam a2200169 4500
001 1740
005 20181127163914.0
008 850923s1984 ctua b 001 0 eng
010 _a83014639
100 1 _aLijphart, Arend.
245 1 0 _aDemocracies ;
_bpatterns of majoritarian and consensus government in twenty-one countries /
_cArend Lijphart.
260 _aNew Haven :
_bYale University Press,
_cc1984.
300 _axv, 229 p. :
_bill. ;
_c21 cm.
504 _aIncludes bibliographical references and index.
650 0 _aComparative government.
650 0 _aDemocracy.
999 _c1315
_d1315